|
|
|
|
| LEADER |
01060nab a2200229 i 4500 |
| 001 |
publ38590 |
| 005 |
20260107103449.0 |
| 008 |
260107s2026 hu o 000 eng d |
| 022 |
|
|
|a 0300-4279
|
| 024 |
7 |
|
|a 10.1080/03004279.2023.2294141
|2 doi
|
| 024 |
7 |
|
|a 34449889
|2 mtmt
|
| 040 |
|
|
|a SZTE Publicatio Repozitórium
|b hun
|
| 041 |
|
|
|a eng
|
| 100 |
1 |
|
|a Hidayatullah Achmad
|
| 245 |
1 |
0 |
|a Beliefs in mathematics learning and utility value as predictors of mathematics engagement among primary education students
|h [elektronikus dokumentum] :
|b the mediating role of self-efficacy /
|c Hidayatullah Achmad
|
| 260 |
|
|
|c 2026
|
| 300 |
|
|
|a 216-229
|
| 490 |
0 |
|
|a EDUCATION 3-13: INTERNATIONAL JOURNAL OF PRIMARY ELEMENTARY AND EARLY YEARS EDUCATION
|v 54 No. 1
|
| 650 |
|
4 |
|a Oktatástudomány
|
| 700 |
0 |
1 |
|a Csíkos Csaba
|e aut
|
| 700 |
0 |
1 |
|a Syarifuddin Syarifuddin
|e aut
|
| 856 |
4 |
0 |
|u http://publicatio.bibl.u-szeged.hu/38590/1/Beliefsinmathematicslearningandutilityvalueaspredictorsofmathematicsengagementamongprimaryeducationstudentsthemediatingroleofself.pdf
|z Dokumentum-elérés
|